01180 2200253 4500001002100000005001500021035002000036007000300056008004100059020001800100082000800118084001400126100002700140245011600167260003400283300002800317250000600345650002900351700003300380700003500413520044400448990001700892990001700909INLIS00000000000109120260421114204 a0010-0923000076ta260421 j 0 ind  a978-26-2282-9 a813 a813 MAH s0 aMaharani ( Pengarang )1 aSiuapakah Namaku ? :bwhat is your name ? /cMaharani ; ilustrator, Stella Ernest ; editor, Nastalgawan A fahri aJakarta :bZikrul Kids,c2007 a16 :bilus. ;c20 cme- a- 4aFiksi - Bacaan anak-anak0 aStella Ernest ( Ilustrator )0 aNastalgawan A fahri ( Editor ) aBuku ini penting untuk : Play group, TK, dan SD, dengan penekanan lebih pada vocabulary, gambar yang atraktif dan ekspresi yang komunikatif. Buku ini sangat efektif untuk merangsang imajinasi anak. Pada tahap selanjutnya, anak terbiasa membaca buku cerita berbahasa Inggris dan mereka akan familier dengan kalimat tanya yang ada. Bagi lembaga pendidikan non-formal buku ini sangat cocok sebagai buku pelengkap pengajaran dan perpustakaan. a00077/K/2008 a00078/K/2008